[Event "ECU-ch"]
[Site "Quito"]
[Date "2023.06.22"]
[Round "4"]
[White "Chang Suarez, Andres Felipe"]
[Black "Carrasco Jacome, Bryan Ricardo"]
[Result "0-1"]
[WhiteElo "1960"]
[BlackElo "2211"]
[PlyCount "80"]
[EventDate "2023.06.21"]
[EventType "swiss"]
[EventRounds "9"]
[EventCountry "ECU"]
[SourceTitle "CBM 215 Extra"]
[Source "ChessBase"]
[SourceDate "2023.09.30"]
[SourceVersion "1"]
[SourceVersionDate "2023.09.30"]
[SourceQuality "1"]

1. e4 c6 2. d3 d5 3. Qe2 Nf6 4. Nc3 e6 5. Bd2 Be7 6. e5 Nfd7 7. f4 b5 8. Nf3 b4 9. Nd1 c5 10. Qf2 Nc6 11. c3 a5 12. h4 f6 13. d4 0-0 14. h5 bxc3 15. bxc3 cxd4 16. cxd4 fxe5 17. fxe5 Qb6 18. Bd3 Ba6 19. Bb1 Rac8 20. Qe3 a4 21. a3 Na5 22. Bxa5 Qxa5+ 23. Kf2 Nc5 24. Kg3 Nb3 25. Ra2 Rc1 26. Nf2 Rc3 27. Nd3 Qb6 28. Rd1 h6 29. Kh2 Rf5 30. g4 Rf8 31. Rg2 Qd8 32. g5 Bxg5 33. Nxg5 hxg5 34. Rdg1 Rf5 35. Rg4 Kh8 36. Re1 Rxd3 37. Bxd3 Bxd3 38. Qg3 Be4 39. Rg1 Qe7 40. Qh3 Qxa3 0-1

[Event "ECU-ch"]
[Site "Quito"]
[Date "2023.06.21"]
[Round "2"]
[White "Chang Suarez, Andres Felipe"]
[Black "Mancheno Barahona, Matias Gabriel"]
[Result "1/2-1/2"]
[WhiteElo "1960"]
[BlackElo "1529"]
[PlyCount "111"]
[EventDate "2023.06.21"]
[EventType "swiss"]
[EventRounds "9"]
[EventCountry "ECU"]
[SourceTitle "CBM 215 Extra"]
[Source "ChessBase"]
[SourceDate "2023.09.30"]
[SourceVersion "1"]
[SourceVersionDate "2023.09.30"]
[SourceQuality "1"]

1. e4 c5 2. Nc3 g6 3. g3 Bg7 4. Bg2 Nc6 5. h4 h5 6. Nh3 d6 7. d3 Nf6 8. 0-0 0-0 9. Bg5 Rb8 10. Qd2 Nd4 11. f3 b5 12. Rae1 e6 13. Nd1 Qb6 14. c3 Nc6 15. Bh6 e5 16. Bxg7 Kxg7 17. Ng5 c4+ 18. Kh1 cxd3 19. b4 Rd8 20. f4 Ng4 21. Ne3 Nxe3 22. Rxe3 f6 23. Nh3 Bxh3 24. Bxh3 d5 25. exd5 Rxd5 26. f5 Rbd8 27. Bg2 R5d6 28. Be4 a5 29. a3 Ne7 30. fxg6 axb4 31. axb4 Qc7 32. Ref3 Qc4 33. Re1 Rc8 34. Ree3 Qxc3 35. Qxc3 Rxc3 36. Rxd3 Rcxd3 37. Rxd3 Rxd3 38. Bxd3 Nd5 39. Bxb5 Nxb4 40. Be8 Nd5 41. Kg2 Ne7 42. Kf3 f5 43. Ke3 Nxg6 44. Kf3 Kh6 45. Bd7 Ne7 46. Be8 Nd5 47. Bd7 Kg6 48. Be8+ Kh6 49. Bd7 Ne7 50. Be8 Ng6 51. Bd7 f4 52. gxf4 Nxh4+ 53. Ke4 Ng6 54. Be8 Nxf4 55. Bxh5 Kxh5 56. Kxe5 1/2-1/2

[Event "Preinscritos IRT Online"]
[Site "Chess.com INT"]
[Date "2020.12.26"]
[Round "7"]
[White "Chang Suarez, Andres Felipe"]
[Black "Carrasco Jacome, Bryan Ricardo"]
[Result "0-1"]
[WhiteElo "2206"]
[BlackElo "2330"]
[PlyCount "110"]
[EventDate "2020.12.26"]
[EventType "swiss"]
[EventRounds "11"]
[EventCountry "ECU"]
[SourceTitle "CBM 200 Extra"]
[Source "ChessBase"]
[SourceDate "2021.03.31"]
[SourceVersion "1"]
[SourceVersionDate "2021.03.31"]
[SourceQuality "1"]

1. e4 c5 2. Nc3 Nc6 3. g3 g6 4. Bg2 Bg7 5. d3 e6 6. h4 h5 7. Nh3 Nge7 8. 0-0 Rb8 9. Bg5 Nd4 10. Qd2 d6 11. Rae1 b5 12. f3 b4 13. Nd1 Qa5 14. c3 bxc3 15. bxc3 Nb5 16. Bxe7 Kxe7 17. Qg5+ Bf6 18. Qf4 Nxc3 19. Ng5 Nxd1 20. Rxd1 Qc3 21. Kh1 Rb2 22. a4 Qe5 23. Qxe5 Bxe5 24. f4 Bf6 25. Nf3 Ba6 26. e5 dxe5 27. fxe5 Bg7 28. Ng5 Rf8 29. Rfe1 Bh6 30. Ne4 Rc8 31. Nd6 Rc7 32. Rf1 Kf8 33. Rb1 Rb4 34. Be4 Kg8 35. a5 Bg7 36. Rxb4 cxb4 37. Ne8 Rc3 38. Rb1 b3 39. d4 Bd3 40. Bxd3 Rxd3 41. Kg2 Rc3 42. Nd6 Bh6 43. Ne4 Rc2+ 44. Kf3 b2 45. a6 Bc1 46. Nc5 Rc4 47. Ke4 Rb4 48. Kd3 Rb6 49. Kc4 Kg7 50. Kd3 g5 51. Kc4 gxh4 52. gxh4 Kg6 53. Nd3 Kf5 54. Nxc1 bxc1Q+ 55. Rxc1 Rc6+ 0-1

[Event "Preinscritos IRT Online"]
[Site "Chess.com INT"]
[Date "2020.12.26"]
[Round "2"]
[White "Chang Suarez, Andres Felipe"]
[Black "Orozco Aguilera, Pablo Sebastian"]
[Result "1-0"]
[WhiteElo "2206"]
[BlackElo "1841"]
[PlyCount "53"]
[EventDate "2020.12.26"]
[EventType "swiss"]
[EventRounds "11"]
[EventCountry "ECU"]
[SourceTitle "CBM 200 Extra"]
[Source "ChessBase"]
[SourceDate "2021.03.31"]
[SourceVersion "1"]
[SourceVersionDate "2021.03.31"]
[SourceQuality "1"]

1. e4 c6 2. d3 d5 3. Qe2 dxe4 4. dxe4 e5 5. Nc3 Nf6 6. Bd2 Bc5 7. 0-0-0 0-0 8. f3 Be6 9. g4 Bd4 10. Kb1 Qb6 11. Bh3 Ne8 12. g5 Nd6 13. Bxe6 fxe6 14. h4 Qb4 15. a3 Qc4 16. Qg2 Nb5 17. Nge2 Na6 18. Nxb5 cxb5 19. Nxd4 exd4 20. f4 Rac8 21. Bc1 b4 22. b3 Qc5 23. a4 e5 24. fxe5 Qxe5 25. Bb2 Rf4 26. Rxd4 Nc5 27. Rd8+ 1-0

[Event "Preinscritos IRT Online"]
[Site "Chess.com INT"]
[Date "2020.12.26"]
[Round "9"]
[White "Chang Suarez, Andres Felipe"]
[Black "Vintimilla, Xavier"]
[Result "1-0"]
[WhiteElo "2206"]
[BlackElo "1877"]
[PlyCount "41"]
[EventDate "2020.12.26"]
[EventType "swiss"]
[EventRounds "11"]
[EventCountry "ECU"]
[SourceTitle "CBM 200 Extra"]
[Source "ChessBase"]
[SourceDate "2021.03.31"]
[SourceVersion "1"]
[SourceVersionDate "2021.03.31"]
[SourceQuality "1"]

1. e4 e6 2. d3 d5 3. Qe2 Nf6 4. Nc3 d4 5. Nd1 c5 6. f4 Nc6 7. Nf3 Be7 8. Nf2 Nb4 9. a3 Qa5 10. Kd1 Bd7 11. g4 e5 12. g5 Ng4 13. Nxe5 Nxf2+ 14. Qxf2 Bb5 15. Bh3 Rd8 16. Bd2 Qa4 17. b3 Qa6 18. a4 Nc6 19. Ke2 Nxe5 20. axb5 Qe6 21. Bxe6 1-0

[Event "ECU pre olympic"]
[Site "Duran"]
[Date "2016.05.11"]
[Round "4"]
[White "Chang Suarez, Andres Felipe"]
[Black "Menes Camejo, Ivan"]
[Result "0-1"]
[WhiteElo "2020"]
[BlackElo "1968"]
[PlyCount "82"]
[EventDate "2016.05.09"]
[EventType "tourn"]
[EventRounds "11"]
[EventCountry "ECU"]
[SourceTitle "CBM 172 Extra"]
[Source "ChessBase"]
[SourceDate "2016.06.21"]
[SourceVersion "1"]
[SourceVersionDate "2016.06.21"]
[SourceQuality "1"]

1. e4 e5 2. f4 d5 3. exd5 c6 4. d4 exd4 5. Qxd4 Nf6 6. Nc3 cxd5 7. Nf3 Nc6 8. Bb5 a6 9. Bxc6+ bxc6 10. 0-0 Be7 11. Ne5 Bb7 12. Na4 Ne4 13. b4 0-0 14. Be3 a5 15. a3 Re8 16. Nc5 Nxc5 17. bxc5 Bf8 18. Qd2 f6 19. Nf3 Ba6 20. Rfe1 Qc7 21. Bd4 a4 22. Rab1 Rab8 23. Rxb8 Qxb8 24. g3 Qb5 25. Qf2 Rxe1+ 26. Nxe1 Qe2 27. Qxe2 Bxe2 28. Kf2 Bb5 29. f5 Kf7 30. g4 g6 31. Be3 Be7 32. Nd3 Bxd3 33. cxd3 Bd8 34. Bd4 gxf5 35. gxf5 Bc7 36. Bb2 Bxh2 37. Kf3 h5 38. d4 Bg1 39. Kg2 Be3 40. Kf3 Bg5 41. Kg3 Ke7 0-1

[Event "ECU pre olympic"]
[Site "Duran"]
[Date "2016.05.11"]
[Round "5"]
[White "Munoz Sanchez, Jhon Marcelo"]
[Black "Chang Suarez, Andres Felipe"]
[Result "1/2-1/2"]
[WhiteElo "2253"]
[BlackElo "2020"]
[PlyCount "114"]
[EventDate "2016.05.09"]
[EventType "tourn"]
[EventRounds "11"]
[EventCountry "ECU"]
[SourceTitle "CBM 172 Extra"]
[Source "ChessBase"]
[SourceDate "2016.06.21"]
[SourceVersion "1"]
[SourceVersionDate "2016.06.21"]
[SourceQuality "1"]

1. d4 Nf6 2. c4 g6 3. Nc3 Bg7 4. e4 d6 5. Nf3 0-0 6. Be2 e5 7. d5 Na6 8. Bg5 h6 9. Bh4 g5 10. Bg3 Nc5 11. Nd2 a5 12. h4 g4 13. h5 Bd7 14. f3 Qc8 15. Nb3 Na4 16. Nxa4 Bxa4 17. Qd2 b6 18. Bf2 Bd7 19. Be3 Kh7 20. Nc1 a4 21. Nd3 a3 22. b3 Ng8 23. Nf2 g3 24. Nd1 f5 25. Nc3 Nf6 26. 0-0-0 f4 27. Bg1 Be8 28. Kb1 Nxh5 29. Ka1 Kg6 30. b4 Bd7 31. Rb1 Rd8 32. c5 bxc5 33. bxc5 c6 34. cxd6 cxd5 35. exd5 Kh7 36. Ne4 Nf6 37. Bd3 Kg8 38. Nxf6+ Bxf6 39. Be4 Bg7 40. Rc1 Qb8 41. Bc5 Qb7 42. Rb1 Qa6 43. Rb6 Qa5 44. Qxa5 Rxa5 45. Rc1 Bf8 46. Rc3 Rda8 47. Bb4 Ra4 48. Kb1 h5 49. Rc7 Rxb4+ 50. Rxb4 Bxd6 51. Rxd7 Bxb4 52. Rb7 Bd6 53. Kc2 Rb8 54. Rxb8+ Bxb8 55. Kd3 Kf7 56. Bf5 Ke7 57. Ke4 Bd6 1/2-1/2

[Event "Limon op"]
[Site "Limon"]
[Date "2014.11.27"]
[Round "2"]
[White "Chang Suarez, Andres Felipe"]
[Black "Pacheco Jimenez, Yesenia Camila"]
[Result "1-0"]
[WhiteElo "2032"]
[BlackElo "1328"]
[PlyCount "59"]
[EventDate "2014.11.27"]
[EventType "swiss"]
[EventRounds "7"]
[EventCountry "ECU"]
[SourceTitle "CBM 163 Extra"]
[Source "ChessBase"]
[SourceDate "2014.12.23"]
[SourceVersion "1"]
[SourceVersionDate "2014.12.23"]
[SourceQuality "1"]

1. e4 c5 2. Nc3 e6 3. d3 a6 4. a4 Nc6 5. g3 Be7 6. Bg2 Rb8 7. Nge2 Nf6 8. 0-0 0-0 9. f4 d6 10. h3 Qc7 11. g4 Nd4 12. Ng3 b6 13. Nce2 Bb7 14. c3 Nxe2+ 15. Qxe2 Nd7 16. f5 Bh4 17. Nh5 Ne5 18. b3 exf5 19. gxf5 f6 20. Nf4 Bc8 21. Be3 Bg5 22. Nd5 Bxe3+ 23. Qxe3 Qf7 24. d4 Nc6 25. Rad1 cxd4 26. cxd4 Re8 27. Qg3 Qd7 28. Nxf6+ Kh8 29. Nxd7 Bxd7 30. Qxd6 1-0

[Event "ECU-ch"]
[Site "Guayaquil"]
[Date "2014.07.04"]
[Round "6"]
[White "Munoz Sanchez, Miguel Angel"]
[Black "Chang Suarez, Andres Felipe"]
[Result "1-0"]
[WhiteElo "2296"]
[BlackElo "2014"]
[PlyCount "77"]
[EventDate "2014.07.01"]
[EventType "tourn"]
[EventRounds "7"]
[EventCountry "ECU"]
[SourceTitle "CBM 161 Extra"]
[Source "ChessBase"]
[SourceDate "2014.08.29"]
[SourceVersion "1"]
[SourceVersionDate "2014.08.29"]
[SourceQuality "1"]

1. d4 Nf6 2. c4 e6 3. Nf3 b6 4. a3 Bb7 5. Nc3 Be7 6. e3 d5 7. Bd3 Nbd7 8. 0-0 c5 9. cxd5 exd5 10. Qe2 0-0 11. b3 Re8 12. Bb2 Bd6 13. Rac1 Ne4 14. Rfd1 cxd4 15. Nxd4 Nxc3 16. Rxc3 Qh4 17. g3 Qf6 18. Bb5 Nc5 19. Bxe8 Rxe8 20. Qf3 Qd8 21. Rc2 Be5 22. b4 Ne4 23. Rdc1 g6 24. Nc6 Bxc6 25. Bxe5 Rxe5 26. Rxc6 Kg7 27. Rc8 Qd7 28. R8c7 Qe8 29. Qd1 Rf5 30. Qd4+ Kh6 31. f4 Qb5 32. R1c2 Rf6 33. g4 g5 34. h4 Kg6 35. hxg5 Nxg5 36. f5+ Kg7 37. Kg2 Ne6 38. fxe6 Qf1+ 39. Kh2 1-0

[Event "ECU-ch"]
[Site "Guayaquil"]
[Date "2014.07.02"]
[Round "3"]
[White "Chang Suarez, Andres Felipe"]
[Black "Barros Rivadeneira, Cristhian"]
[Result "0-1"]
[WhiteElo "2014"]
[BlackElo "2323"]
[PlyCount "50"]
[EventDate "2014.07.01"]
[EventType "tourn"]
[EventRounds "7"]
[EventCountry "ECU"]
[SourceTitle "CBM 161 Extra"]
[Source "ChessBase"]
[SourceDate "2014.08.29"]
[SourceVersion "1"]
[SourceVersionDate "2014.08.29"]
[SourceQuality "1"]

1. d4 Nf6 2. c4 g6 3. Nc3 Bg7 4. e4 d6 5. Be2 0-0 6. h4 c5 7. d5 b5 8. cxb5 a6 9. b6 Qxb6 10. a3 h5 11. Nf3 e6 12. 0-0 exd5 13. exd5 Nbd7 14. Bf4 Qxb2 15. Qd3 Ng4 16. Na4 Qb8 17. Rab1 Qc7 18. Rfc1 Nde5 19. Qb3 Bf5 20. Qb7 Qa5 21. Nb6 Rab8 22. Qxa6 Qxa6 23. Bxa6 Bxb1 24. Rxb1 Nd7 25. Bxd6 Rxb6 0-1

[Event "ECU-ch"]
[Site "Guayaquil"]
[Date "2014.07.01"]
[Round "2"]
[White "Montenegro Torres, Carlos"]
[Black "Chang Suarez, Andres Felipe"]
[Result "1/2-1/2"]
[WhiteElo "2146"]
[BlackElo "2014"]
[PlyCount "34"]
[EventDate "2014.07.01"]
[EventType "tourn"]
[EventRounds "7"]
[EventCountry "ECU"]
[SourceTitle "CBM 161 Extra"]
[Source "ChessBase"]
[SourceDate "2014.08.29"]
[SourceVersion "1"]
[SourceVersionDate "2014.08.29"]
[SourceQuality "1"]

1. e4 e6 2. d4 d5 3. Nc3 Nf6 4. e5 Nfd7 5. f4 c5 6. Nf3 Nc6 7. Be3 a6 8. Qd2 b5 9. Be2 g6 10. 0-0 Bb7 11. Nd1 Nxd4 12. Nxd4 cxd4 13. Bxd4 Bc5 14. c3 Qb6 15. Ne3 Rc8 16. Nc2 Bxd4+ 17. Qxd4 Qc5 1/2-1/2